01420nam a2200313 i 4500001001000000003000900010005001700019007000300036008004100039020001800080040003000098041000700128082001900135100006600154245019400220264005500414300002700469336002700496337003300523338002800556590002600584910000700610942001400617952011100631952010500742952011100847952013100958999001701089000046194DO-SdBNP20250806130237.0ta130307s2015 dr 000 0 spa d a9789945585087 aDO-SdBNPbspacBNPHUerda asp axxxbG373d2221 aGermán M., Mariano,d1946-eautorq(Germán Mejía)9931110aDiscurso pronunciado por el Dr. Mariano Germán Mejía :ben ocación de la conmemoración del día del Poder Judicial audiencia solemne 7 de enero de 2015 /cMariano Germán Mejía. aSanto Domingo :bSuprema Corte de Justicia,c2015. a70 páginas ;c22 cm. ardacontentbtexto2txt ardamediabsin mediación2n ardacarrierbvolumen2nc aInventariado, 2019/VM aVM 2ddccLBS1 0011718DSaGRbGRcMId2015-07-03iLF1l0o p46194-30r2020-06-25te. 3w2020-06-25yLFDSZNo se presta 0010718PDaPDbPDcHDd2015-07-03iLF1l0o p46194-10r2020-06-25w2020-06-25yLFPDZNo se presta 0010718PDaPDbPDcHDd2015-07-03iLF1l0o p46194-20r2020-06-25te. 2w2020-06-25yLFPDZNo se presta 00102ddc56708DSaBNPHUbBNPHUcCTd2025-08-06edonaciónl0oBNPHU DS G373dp2025-7819r2025-08-06te.4w2025-08-06yLBS1 c45683d45683